Statistics for Position of Liverpool in the English League since 1990

Click here to take the quiz!

General Stats

  • This quiz has been taken 98 times
    (64 since last reset)
  • The average score is 27 of 28

Answer Stats

Hint Answer % Correct
1990/912
100%
1991/926
98%
2016/174
98%
2014/156
98%
2013/142
98%
2017/184
98%
1996/974
96%
2006/073
96%
1992/936
96%
2015/168
96%
1993/948
96%
1994/954
96%
2008/092
96%
1997/983
96%
2007/084
96%
2005/063
96%
1995/963
96%
2003/044
96%
2002/035
96%
2001/022
96%
2000/013
96%
1998/997
96%
2004/055
96%
2009/107
95%
2010/116
95%
2011/128
95%
2012/137
95%
1999/20004
95%

Score Distribution

Percentile by Number Answered

Percent of People with Each Score

Your Score History

You have not taken this quiz since the last reset